|
|
|
|
| LEADER |
00000nam0a2200000 4500 |
| 001 |
282061 |
| 005 |
20231101235449.0 |
| 035 |
|
|
|a (RuTPU)RU\TPU\book\305934
|
| 090 |
|
|
|a 282061
|
| 100 |
|
|
|a 20150128d1984 k y0rusy5003 ca
|
| 101 |
0 |
|
|a rus
|
| 102 |
|
|
|a UA
|
| 105 |
|
|
|a a z 001zy
|
| 200 |
1 |
|
|a Теплофизические проблемы прямого преобразования теплоты в электроэнергию
|e сборник научных трудов
|f Академия наук Украинской ССР (АН УССР), Институт технической теплофизики (ИТТФ)
|
| 210 |
|
|
|a Киев
|c Наукова думка
|d 1984
|
| 215 |
|
|
|a 192 с.
|c ил.
|d 20 см
|
| 320 |
|
|
|a Библиография в конце статей
|
| 606 |
1 |
|
|a Тепловая энергия
|x Преобразование в электрическую
|2 stltpush
|3 (RuTPU)RU\TPU\subj\59534
|9 77044
|
| 610 |
1 |
|
|a прямое преобразование
|
| 610 |
1 |
|
|a МГД-устройства
|
| 610 |
1 |
|
|a твердое топливо
|
| 610 |
1 |
|
|a продукты сгорания
|
| 610 |
1 |
|
|a плазма
|
| 610 |
1 |
|
|a свойства
|
| 610 |
1 |
|
|a окислители
|
| 610 |
1 |
|
|a подогрев
|
| 610 |
1 |
|
|a уголь
|
| 610 |
1 |
|
|a внутрицикловая газификация
|
| 610 |
1 |
|
|a шлаки
|
| 675 |
|
|
|a 621.362
|z rus
|v 4
|
| 712 |
0 |
2 |
|a Академия наук Украинской ССР (АН УССР)
|b Институт технической теплофизики (ИТТФ)
|c (Киев)
|2 stltpush
|3 (RuTPU)RU\TPU\col\1122
|
| 801 |
|
0 |
|a RU
|b RuMRKP
|c 19950704
|g psbo
|
| 801 |
|
1 |
|a RU
|b 63413507
|c 20150128
|
| 801 |
|
2 |
|a RU
|b 63413507
|c 20170720
|g RCR
|
| 942 |
|
|
|c BK
|